| 000 | 00623nam a2200217 a 4500 | ||
|---|---|---|---|
| 999 |
_c4640 _d4640 |
||
| 001 | 4640 | ||
| 003 | BD-JhCC | ||
| 005 | 20171129161230.0 | ||
| 008 | 171129s1984 b a|||| |||| 00| 0 b d | ||
| 035 | _a(BD-JhCC) | ||
| 040 |
_aBD-JhCC _dBD-JhCC |
||
| 041 | _aben | ||
| 082 |
_a891.44108 _bAHA 1984 |
||
| 100 | _aআহমদ, ফয়েজ | ||
| 245 |
_aবিন্দু / _cফয়েজ আহমদ |
||
| 260 |
_aঢাকা : _bইউনিভরসিটি প্রেস, _c১৯৮৪ |
||
| 300 |
_a32 p. : _bill. ; _c24cm. |
||
| 650 |
_aBengali Language _xRhymes |
||
| 942 |
_2ddc _cBK |
||